Administración de operaciones /

Guardado en:
Autor Principal: Monks, Joseph G.
Formato: Libro
Idioma:Spanish
English
Publicado: Naucalpan de Juárez, Edo. de México : McGraw-Hill /Interamericana de México, c1991 (impresión de 1997).
Series:Serie de compendios Schaum.
Materias:
Etiquetas: Agregar Etiqueta
Sin Etiquetas, Sea el primero en etiquetar este registro!
LEADER 01011nam a22002415 4500
001 EAD.ead003199
008 080718s1991####ag#d##########001#0#spa#d
005 20241205163409.0
245 1 0 |a Administración de operaciones /  |c por Joseph G. Monks ; traducción: Fernando Gómez Mejía ; revisión técnica: Gabriel Baca Urbina. 
260 |a Naucalpan de Juárez, Edo. de México :  |b McGraw-Hill /Interamericana de México,  |c c1991 (impresión de 1997). 
300 |a 411 p. ;  |c 24 cm. 
490 1 |a Schaum 
500 |a Traducción de: Schaum's outline of theory and problems of operations management. 
500 |a Incluye índice. 
020 |a 9684228864 
100 1 |a Monks, Joseph G. 
830 0 |a Serie de compendios Schaum. 
082 0 4 |a 658.4034  |2 21 
653 |a Administración de operaciones 
650 7 |a Toma de decisiones.  |2 unbist 
041 1 |a spa  |h eng 
859 |a AR-BaBDC  |b BIB. ADMINISTRACION - Libros  |h 658.4034  |i M749  |p b03550 
859 |a AR-BaBDC  |b BIB. ADMINISTRACION - Libros  |h 658.4034  |i M749  |p b03674  |t Ej.2